Császár István Fejforgás /

Elmentve itt :
Bibliográfiai részletek
Szerző: Temesi Ferenc
További közreműködők: Császár István
Dokumentumtípus: Cikk
Megjelent: 1971
Sorozat:Tiszatáj 25 No. 7
Kulcsszavak:Magyar irodalom - könyvismertetés
Online Access:http://tiszataj.bibl.u-szeged.hu/6931
LEADER 00621nab a2200193 i 4500
001 tisza6931
005 20200330131958.0
008 170530s1971 hu o 0|| hun d
022 |a 0133-1167 
040 |a SZTE Tiszatáj Archívum  |b hun 
041 |a hun 
100 1 |a Temesi Ferenc 
245 1 0 |a Császár István   |h [elektronikus dokumentum] :  |b Fejforgás /  |c  Temesi Ferenc 
260 |c 1971 
300 |a 681-682 
490 0 |a Tiszatáj  |v 25 No. 7 
695 |a Magyar irodalom - könyvismertetés 
700 0 1 |a Császár István 
856 4 0 |u http://tiszataj.bibl.u-szeged.hu/6931/1/tiszataj_1971_007_681-682.pdf  |z Dokumentum-elérés